000 00515nam a2200205Ia 4500
003 OSt
005 20230701114907.0
008 210423s9999 xx 000 0 und d
040 _cAL
041 _aeng
082 _a305.4
_223
_b TELI
100 _aTELLIS NAYAK (Jessic B)
_9117312
245 _aIndian womanhood
260 _aIndia
_bSatya Manthan Sanstha
_c2006
300 _av,26
_bPB
650 _aSociology
_9117313
650 _aWomen Studies
_9117314
906 _aIndian ; womanhood
942 _2ddc
_cBK
999 _c174547
_d174547